Konstytucja i władza we współczesnym świecie : (Record no. 1547)

MARC details
000 -LEADER
fixed length control field 01495cam a2200397 a 4500
001 - CONTROL NUMBER
control field data
005 - DATE AND TIME OF LATEST TRANSACTION
control field 20260322212105.0
008 - FIXED-LENGTH DATA ELEMENTS--GENERAL INFORMATION
fixed length control field data
035 ## - SYSTEM CONTROL NUMBER
System control number 13009923
010 ## - LIBRARY OF CONGRESS CONTROL NUMBER
LC control number 2002541989
020 ## - INTERNATIONAL STANDARD BOOK NUMBER
International Standard Book Number 8370595626
020 ## - INTERNATIONAL STANDARD BOOK NUMBER
International Standard Book Number 9788370595623
040 ## - CATALOGING SOURCE
Original cataloging agency DLC
Transcribing agency DLC
Modifying agency DLC
041 0# - LANGUAGE CODE
Language code of text/sound track or separate title ger
-- eng
-- fre
-- ger
043 ## - GEOGRAPHIC AREA CODE
Geographic area code e------
-- e------
050 00 - LIBRARY OF CONGRESS CALL NUMBER
Classification number K3165
Item number .K665 2002
245 00 - TITLE STATEMENT
Title Konstytucja i władza we współczesnym świecie :
Remainder of title doktryna, prawo, praktyka : prace dedykowane Profesorowi Wojciechowi Sokolewiczowi na siedemdziesięciolecie urodzin /
Statement of responsibility, etc. [komitet redakcyjny, Maria Kruk, Janusz Trzciński, Jan Wawrzyniak].
260 ## - PUBLICATION, DISTRIBUTION, ETC.
Place of publication, distribution, etc. Warszawa :
Name of publisher, distributor, etc. Wydawn. Sejmowe,
Date of publication, distribution, etc. 2002.
300 ## - PHYSICAL DESCRIPTION
Extent 540, [1] p. :
Other physical details port. ;
Dimensions 25 cm.
336 ## - CONTENT TYPE
Content type term text
Content type code txt
Source rdacontent
337 ## - MEDIA TYPE
Media type term unmediated
Media type code n
Source rdamedia
338 ## - CARRIER TYPE
Carrier type term volume
Carrier type code nc
Source rdacarrier
504 ## - BIBLIOGRAPHY, ETC. NOTE
Bibliography, etc. note Includes bibliographical references (p. 521-[541]).
546 ## - LANGUAGE NOTE
Language note Chiefly Polish; some English, French, and German.
650 #0 - SUBJECT ADDED ENTRY--TOPICAL TERM
Topical term or geographic name entry element Constitutional law.
650 #0 - SUBJECT ADDED ENTRY--TOPICAL TERM
Topical term or geographic name entry element Constitutional law
Geographic subdivision Poland.
650 #0 - SUBJECT ADDED ENTRY--TOPICAL TERM
Topical term or geographic name entry element Constitutional law
Geographic subdivision Europe.
700 1# - ADDED ENTRY--PERSONAL NAME
Personal name Sokolewicz, Wojciech.
700 1# - ADDED ENTRY--PERSONAL NAME
Personal name Kruk, Maria.
700 1# - ADDED ENTRY--PERSONAL NAME
Personal name Trzciński, Janusz.
700 1# - ADDED ENTRY--PERSONAL NAME
Personal name Wawrzyniak, Jan.
906 ## - LOCAL DATA ELEMENT F, LDF (RLIN)
a 7
b cbc
c orignew
d 2
e ncip
f 20
g y-gencatlg
925 0# -
-- acquire
-- BSC 2002-12-18
955 ## - COPY-LEVEL INFORMATION (RLIN)
-- sg47 2002-12-16
-- sg13 2002-12-18 to LL CSO
Holdings
Withdrawn status Lost status Damaged status Not for loan Home library Current library Shelving location Date acquired Total checkouts Full call number Barcode Date last seen Price effective from Koha item type
        Liberty Liberty General stacks 22/03/2026   K3165 LOC-LPL-00010 22/03/2026 22/03/2026 Books